<?xml version="1.0" encoding="UTF-8"?>
<record
    xmlns:xsi="http://www.w3.org/2001/XMLSchema-instance"
    xsi:schemaLocation="http://www.loc.gov/MARC21/slim http://www.loc.gov/standards/marcxml/schema/MARC21slim.xsd"
    xmlns="http://www.loc.gov/MARC21/slim">

  <leader>00800nam a2200241 a 4500</leader>
  <controlfield tag="003">DO-SdBNP</controlfield>
  <controlfield tag="005">20211028155146.0</controlfield>
  <controlfield tag="007">ta</controlfield>
  <controlfield tag="008">211028e2017    dr a|||er6||| 00| h spa d</controlfield>
  <datafield tag="020" ind1=" " ind2=" ">
    <subfield code="a">9789945903638</subfield>
  </datafield>
  <datafield tag="040" ind1=" " ind2=" ">
    <subfield code="a">DO-SdBNP</subfield>
    <subfield code="b">spa</subfield>
    <subfield code="c">BNPHU</subfield>
  </datafield>
  <datafield tag="082" ind1=" " ind2="4">
    <subfield code="2">22</subfield>
    <subfield code="b">P438v</subfield>
  </datafield>
  <datafield tag="100" ind1=" " ind2=" ">
    <subfield code="9">75772</subfield>
    <subfield code="a">Per&#xE9;z, Jorge E</subfield>
  </datafield>
  <datafield tag="245" ind1="1" ind2="3">
    <subfield code="a">Las vacanas /</subfield>
    <subfield code="b">Jorge E P&#xE9;rez; Color, Edison Montero; pr&#xF3;logo, A.J Mart&#xED;</subfield>
  </datafield>
  <datafield tag="260" ind1=" " ind2=" ">
    <subfield code="a">Santo Domingo :</subfield>
    <subfield code="b">Moro Estudio, </subfield>
    <subfield code="c">2017</subfield>
  </datafield>
  <datafield tag="300" ind1=" " ind2=" ">
    <subfield code="a">[49 p.] :</subfield>
    <subfield code="b">il. ;</subfield>
    <subfield code="c">26 cm.</subfield>
  </datafield>
  <datafield tag="590" ind1=" " ind2=" ">
    <subfield code="a">Inventariado 2021 / MF</subfield>
  </datafield>
  <datafield tag="650" ind1=" " ind2="4">
    <subfield code="9">8626</subfield>
    <subfield code="a">Tiras C&#xF3;micas, Historietas, etc..</subfield>
    <subfield code="x">Historia y Cr&#xED;tica</subfield>
  </datafield>
  <datafield tag="650" ind1=" " ind2="4">
    <subfield code="9">7198</subfield>
    <subfield code="a">Arte de Tiras C&#xF3;micas</subfield>
    <subfield code="x">Rep&#xFA;blica Dominicana.</subfield>
  </datafield>
  <datafield tag="700" ind1="1" ind2=" ">
    <subfield code="a">Mart&#xED;, A.J</subfield>
    <subfield code="e">pr&#xF3;logo</subfield>
    <subfield code="9">80383</subfield>
  </datafield>
  <datafield tag="700" ind1="1" ind2=" ">
    <subfield code="a">Montero, Edison,</subfield>
    <subfield code="e">ilustrador</subfield>
    <subfield code="9">80384</subfield>
  </datafield>
  <datafield tag="942" ind1=" " ind2=" ">
    <subfield code="2">ddc</subfield>
    <subfield code="c">LBS1</subfield>
  </datafield>
  <datafield tag="952" ind1=" " ind2=" ">
    <subfield code="0">0</subfield>
    <subfield code="1">0</subfield>
    <subfield code="2">ddc</subfield>
    <subfield code="5">1</subfield>
    <subfield code="7">0</subfield>
    <subfield code="8">PD</subfield>
    <subfield code="a">BNPHU</subfield>
    <subfield code="b">PD</subfield>
    <subfield code="c">HD</subfield>
    <subfield code="d">2019-03-12</subfield>
    <subfield code="e">Dep&#xF3;sito legal / Moro Studio</subfield>
    <subfield code="l">0</subfield>
    <subfield code="p">2021-27682</subfield>
    <subfield code="r">2021-10-28</subfield>
    <subfield code="w">2021-10-28</subfield>
    <subfield code="y">LFPD</subfield>
  </datafield>
  <datafield tag="999" ind1=" " ind2=" ">
    <subfield code="c">50828</subfield>
    <subfield code="d">50828</subfield>
  </datafield>
</record>
